<?xml version="1.0" encoding="UTF-8"?>
<record
    xmlns:xsi="http://www.w3.org/2001/XMLSchema-instance"
    xsi:schemaLocation="http://www.loc.gov/MARC21/slim http://www.loc.gov/standards/marcxml/schema/MARC21slim.xsd"
    xmlns="http://www.loc.gov/MARC21/slim">

  <leader>01858nam a2200241   4500</leader>
  <controlfield tag="001">000000164040</controlfield>
  <controlfield tag="003">IT-MiSPE</controlfield>
  <controlfield tag="005">20220913175046.0</controlfield>
  <controlfield tag="008">160510s2002    it     | b   u00| u ita d</controlfield>
  <datafield tag="020" ind1=" " ind2=" ">
    <subfield code="a">9788806224806</subfield>
  </datafield>
  <datafield tag="040" ind1=" " ind2=" ">
    <subfield code="a">IT-MiSPE</subfield>
    <subfield code="b">ita</subfield>
    <subfield code="c">IT-MiSPE</subfield>
  </datafield>
  <datafield tag="041" ind1="1" ind2=" ">
    <subfield code="a">ita</subfield>
  </datafield>
  <datafield tag="100" ind1="1" ind2=" ">
    <subfield code="9">124761</subfield>
    <subfield code="a">Israel, Jonathan</subfield>
  </datafield>
  <datafield tag="240" ind1="1" ind2="0">
    <subfield code="a">Revolutionary ideas.</subfield>
  </datafield>
  <datafield tag="245" ind1="1" ind2="3">
    <subfield code="a">La Rivoluzione francese :</subfield>
    <subfield code="b">una storia intellettuale dai diritti dell'uomo a Robespierre /</subfield>
    <subfield code="c">Jonathan Israel.</subfield>
  </datafield>
  <datafield tag="260" ind1=" " ind2=" ">
    <subfield code="a">Torino :</subfield>
    <subfield code="b">G. Einaudi,</subfield>
    <subfield code="c">&#x266D;2015.</subfield>
  </datafield>
  <datafield tag="300" ind1=" " ind2=" ">
    <subfield code="a">IX, 949 p. :</subfield>
    <subfield code="b">ill. ;</subfield>
    <subfield code="c">23 cm.</subfield>
  </datafield>
  <datafield tag="490" ind1="1" ind2=" ">
    <subfield code="a">La biblioteca ;</subfield>
    <subfield code="v">19</subfield>
  </datafield>
  <datafield tag="520" ind1=" " ind2=" ">
    <subfield code="a">Per molto tempo gli storici hanno dato per scontato ci&#xF2; che era evidente anche ai testimoni dell'epoca: che la Rivoluzione francese fu generata dalle idee radicali dell'Illuminismo. Negli ultimi decenni gli studiosi hanno invece cominciato a sostenere che la Rivoluzione fu causata dalle forze sociali, dalla politica, dall'economia o dalla cultura, da quasi tutto insomma, escludendo per &#x1ECB; concetti astratti di libert&#xE0; e uguaglianza. In questo libro, uno dei maggiori storici del mondo dell'Illuminismo restituisce alla storia intellettuale della Rivoluzione la sua legittima centralit&#xE0;.&#x309; Attingendo copiosamente da fonti di prima mano, Jonathan Israel ricostruisce il gigantesco dibattito intellettuale che produsse e accompagna le varie fasi di questo cruciale evento storico; dimostrando come tali idee abbiano diviso i capi rivoluzionari in blocchi ideologici violentemente opposti, e come i conflitti siano infine sfociati nel Terrore. Nella Rivoluzione culminarono gli ideali di emancipazione e di democrazia dell'Illuminismo, se si concluse diversamente solo perch&#xE9; queste memorabili e nobili aspirazioni vennero tradite.</subfield>
  </datafield>
  <datafield tag="650" ind1=" " ind2="7">
    <subfield code="9">124762</subfield>
    <subfield code="a">Rivoluzione francese</subfield>
  </datafield>
  <datafield tag="942" ind1=" " ind2=" ">
    <subfield code="a">AXA</subfield>
    <subfield code="c">BK</subfield>
    <subfield code="2">ddc</subfield>
  </datafield>
  <datafield tag="999" ind1=" " ind2=" ">
    <subfield code="c">359480</subfield>
    <subfield code="d">359480</subfield>
  </datafield>
  <datafield tag="952" ind1=" " ind2=" ">
    <subfield code="0">0</subfield>
    <subfield code="1">0</subfield>
    <subfield code="2">ddc</subfield>
    <subfield code="4">0</subfield>
    <subfield code="6">944_000000000000000_04ISR_JO_RI_AXA_23317</subfield>
    <subfield code="7">1</subfield>
    <subfield code="a">CINISELLO</subfield>
    <subfield code="b">CINISELLO</subfield>
    <subfield code="d">2022-09-13</subfield>
    <subfield code="l">0</subfield>
    <subfield code="o">944.04-ISR jo ri (axa 23317)</subfield>
    <subfield code="p">9788806224806</subfield>
    <subfield code="r">2022-09-13 00:00:00</subfield>
    <subfield code="w">2022-09-13</subfield>
    <subfield code="y">BK</subfield>
  </datafield>
</record>
